=LDR 00000nam 2200000 4500 =001 INLIS000000000006859 =005 20130612094940 =008 ***********************************Ind** =035 ##$$0010-061300000006859 =041 ##$$a Ind =082 ##$$a 796.407 =090 ##$$a 796.407, Adi a =100 ##$$a Adisasmita, Yusuf M =245 ##$$a Atletik =260 ##$$a 1986 $b Jakarta =300 ##$$a 30 hlm., 21 cm =650 ##$$a Olahraga =850 ##$$a NBPNMAT